[Event "EUSA-ch Open 2019"]
[Site "Budapest"]
[Date "2019.07.26"]
[Round "8.4"]
[White "Otegenov, Sultan"]
[Black "Golubka, Petro"]
[Result "0-1"]
[WhiteElo "2136"]
[BlackElo "2483"]
[Annotator "ChessBase"]
[PlyCount "78"]
[EventDate "2019.07.23"]
[EventType "team-tourn"]
[EventCountry "HUN"]
[SourceTitle "playchess.com"]
[Source "ChessBase"]
[SourceQuality "1"]
[TimeControl "1500+10"]

1. e4 c6 {[%emt 0:00:02]} 2. Nf3 {[%emt 0:00:00]} d5 {[%emt 0:00:01]} 3. Nc3 {[%emt 0:00:00]} Bg4 {[%emt 0:00:23]} 4. h3 {[%emt 0:00:00]} Bxf3 {[%emt 0:00:01]} 5. Qxf3 {[%emt 0:00:00]} e6 {[%emt 0:00:01]} 6. a3 {[%emt 0:00:07]} Nd7 {[%emt 0:00:10]} 7. d3 {[%emt 0:00:04]} Bd6 {[%emt 0:00:16]} 8. g3 {[%emt 0:00:07]} Ngf6 {[%emt 0:00:47]} 9. Bg2 {[%emt 0:00:03]} Qc7 {[%emt 0:00:07]} 10. O-O {[%emt 0:00:16]} a6 {[%emt 0:00:31]} 11. Re1 {[%emt 0:00:33]} dxe4 {[%emt 0:01:01]} 12. Nxe4 {[%emt 0:03:48]} Nxe4 {[%emt 0:00:02]} 13. dxe4 {[%emt 0:00:01]} O-O {[%emt 0:00:11]} 14. Rd1 {[%emt 0:01:35]} Ne5 {[%emt 0:00:45]} 15. Qe2 {[%emt 0:00:17]} Rfd8 {[%emt 0:00:13]} 16. Be3 {[%emt 0:01:03]} Qe7 {[%emt 0:00:50]} 17. Bb6 {[%emt 0:04:17]} Bc7 {[%emt 0:00:06]} 18. Bd4 {[%emt 0:00:29]} Rd7 {[%emt 0:00:51]} 19. Bc3 {[%emt 0:00:32]} Rad8 {[%emt 0:00:47]} 20. Kh2 {[%emt 0:01:07]} Ng6 {[%emt 0:00:58]} 21. f4 {[%emt 0:03:56]} Nf8 {[%emt 0:00:31]} 22. Qg4 {[%emt 0:02:16]} e5 {[%emt 0:01:24]} 23. Bb4 {[%emt 0:01:40]} c5 {[%emt 0:00:33]} 24. Bc3 {[%emt 0:00:01]} Ne6 {[%emt 0:00:18]} 25. Rxd7 {[%emt 0:04:32]} Qxd7 {[%emt 0:00:24]} 26. fxe5 {[%emt 0:01:28]} Qe7 27. Rd1 Rxd1 {[%emt 0:04:06]} 28. Qxd1 {[%emt 0:00:11]} Nd4 {[%emt 0:00:00]} 29. Bxd4 {[%emt 0:00:05]} cxd4 {[%emt 0:00:03]} 30. Qxd4 Bxe5 {[%emt 0:00:07]} 31. Qc4 {[%emt 0:00:18]} h5 {[%emt 0:00:53]} 32. Bf1 {[%emt 0:00:43]} h4 {[%emt 0:00:42]} 33. Kg2 {[%emt 0:00:01]} hxg3 {[%emt 0:00:02]} 34. Qc8+ {[%emt 0:00:07]} Kh7 {[%emt 0:00:06]} 35. Bc4 {[%emt 0:00:07]} g6 {[%emt 0:00:08]} 36. c3 {[%emt 0:00:49]} Qf6 {[%emt 0:01:30]} 37. Qc5 {[%emt 0:00:02]} Qf4 {[%emt 0:00:24]} 38. Bd5 {[%emt 0:00:32]} Qd2+ {[%emt 0:00:15]} 39. Kf3 {[%emt 0:00:01]} Qd1+ {[%emt 0:00:23]} 0-1

[Event "EUSA-ch Open 2019"]
[Site "Budapest"]
[Date "2019.07.26"]
[Round "8.5"]
[White "Deaconu, Mihai-Ionut"]
[Black "Harutyunian, Tigran K."]
[Result "0-1"]
[WhiteElo "1957"]
[BlackElo "2539"]
[Annotator "ChessBase"]
[PlyCount "90"]
[EventDate "2019.07.23"]
[EventType "team-tourn"]
[EventCountry "HUN"]
[SourceTitle "playchess.com"]
[Source "ChessBase"]
[SourceQuality "1"]
[TimeControl "1500+10"]

1. d4 {[%emt 0:00:00]} Nf6 {[%emt 0:00:00]} 2. Nf3 {[%emt 0:00:00]} e6 {[%emt 0:00:00]} 3. c4 {[%emt 0:00:00]} d5 {[%emt 0:00:04]} 4. g3 {[%emt 0:00:00]} Be7 {[%emt 0:00:35]} 5. Bg2 {[%emt 0:00:00]} O-O {[%emt 0:00:03]} 6. O-O {[%emt 0:00:11]} Nbd7 {[%emt 0:00:01]} 7. Qc2 {[%emt 0:00:29]} c6 {[%emt 0:00:03]} 8. Nbd2 {[%emt 0:00:44]} b6 {[%emt 0:00:07]} 9. Re1 {[%emt 0:00:36]} Bb7 {[%emt 0:00:10]} 10. e4 {[%emt 0:00:30]} dxc4 {[%emt 0:00:09]} 11. Nxc4 {[%emt 0:00:10]} c5 {[%emt 0:00:06]} 12. dxc5 {[%emt 0:02:45]} Nxc5 {[%emt 0:02:11]} 13. e5 {[%emt 0:00:45]} Nd5 {[%emt 0:00:23]} 14. a3 {[%emt 0:01:21]} Rc8 {[%emt 0:00:39]} 15. b4 {[%emt 0:00:52]} Nd7 {[%emt 0:00:34]} 16. Qb3 {[%emt 0:00:07]} Qc7 {[%emt 0:00:45]} 17. Ncd2 {[%emt 0:01:17]} Nc3 {[%emt 0:02:14]} 18. Bb2 {[%emt 0:00:44]} Bd5 {[%emt 0:00:05]} 19. Qxc3 {[%emt 0:00:01]} Qxc3 20. Bxc3 Rxc3 {[%emt 0:00:05]} 21. Ne4 {[%emt 0:04:10]} Rc2 {[%emt 0:00:07]} 22. Bf1 {[%emt 0:00:08]} f5 {[%emt 0:02:31]} 23. Ned2 {[%emt 0:05:24]} a5 {[%emt 0:01:26]} 24. Bb5 {[%emt 0:00:28]} Rd8 {[%emt 0:00:32]} 25. Ba4 {[%emt 0:00:36]} Rc3 {[%emt 0:00:17]} 26. Nd4 {[%emt 0:00:50]} axb4 {[%emt 0:00:55]} 27. axb4 {[%emt 0:00:59]} Bxb4 {[%emt 0:00:47]} 28. Reb1 {[%emt 0:00:36]} Bc5 {[%emt 0:00:24]} 29. Bxd7 {[%emt 0:01:59]} Bxd4 {[%emt 0:00:38]} 30. Ba4 {[%emt 0:00:54]} Rd3 {[%emt 0:00:11]} 31. Nb3 {[%emt 0:00:16]} Bxb3 {[%emt 0:00:19]} 32. Bxb3 {[%emt 0:00:09]} Rxb3 {[%emt 0:00:06]} 33. Rxb3 {[%emt 0:00:07]} Bxa1 {[%emt 0:00:02]} 34. Rxb6 {[%emt 0:00:02]} Bxe5 {[%emt 0:00:29]} 35. Rxe6 {[%emt 0:00:03]} Bf6 {[%emt 0:00:03]} 36. h4 {[%emt 0:00:09]} Kf7 {[%emt 0:00:02]} 37. Ra6 {[%emt 0:00:02]} Rd2 {[%emt 0:00:09]} 38. Ra5 {[%emt 0:00:12]} f4 {[%emt 0:00:11]} 39. Rf5 {[%emt 0:00:16]} fxg3 {[%emt 0:00:08]} 40. fxg3 {[%emt 0:00:02]} Ke6 {[%emt 0:00:06]} 41. Rf3 {[%emt 0:00:09]} Ke5 {[%emt 0:00:07]} 42. h5 {[%emt 0:00:12]} h6 {[%emt 0:00:06]} 43. Kf1 {[%emt 0:00:12]} Ke4 {[%emt 0:00:25]} 44. Ra3 {[%emt 0:00:12]} Rd3 {[%emt 0:00:07]} 45. Ra4+ {[%emt 0:00:20]} Kf3 {[%emt 0:00:02]} 0-1

[Event "EUSA-ch Open 2019"]
[Site "Budapest"]
[Date "2019.07.26"]
[Round "8.6"]
[White "Petrosyan, Tigran S."]
[Black "Stamatopoulos, Apostolos"]
[Result "1-0"]
[WhiteElo "2448"]
[BlackElo "1782"]
[Annotator "NA RC"]
[PlyCount "138"]
[EventDate "2019.07.23"]
[EventType "team-tourn"]
[EventCountry "HUN"]
[SourceTitle "playchess.com"]
[Source "ChessBase"]
[SourceQuality "1"]
[TimeControl "1500+10"]

1. Nf3 {[%emt 0:00:00]} Nf6 {[%emt 0:00:00]} 2. c4 {[%emt 0:00:00]} e6 {[%emt 0:00:01]} 3. Nc3 {[%emt 0:00:00]} c5 {[%emt 0:00:10]} 4. g3 {[%emt 0:00:00]} Nc6 {[%emt 0:00:11]} 5. Bg2 {[%emt 0:00:00]} Be7 {[%emt 0:00:06]} 6. O-O {[%emt 0:00:03]} O-O {[%emt 0:00:05]} 7. d4 {[%emt 0:00:02]} cxd4 {[%emt 0:00:06]} 8. Nxd4 {[%emt 0:00:01]} Qb6 {[%emt 0:00:13]} 9. Nb3 {[%emt 0:00:34]} d6 {[%emt 0:00:38]} 10. Be3 {[%emt 0:02:12]} Qc7 {[%emt 0:01:34]} 11. Rc1 {[%emt 0:00:10]} Ng4 {[%emt 0:02:15]} 12. Bf4 {[%emt 0:00:26]} a6 {[%emt 0:00:50]} 13. Nd5 {[%emt 0:00:47]} exd5 {[%emt 0:01:13]} 14. cxd5 {[%emt 0:00:01]} Nge5 {[%emt 0:01:30]} 15. Bxe5 {[%emt 0:02:21]} dxe5 {[%emt 0:00:05]} 16. dxc6 {[%emt 0:00:01]} b6 {[%emt 0:00:16]} 17. Qc2 {[%emt 0:00:46]} Be6 {[%emt 0:00:28]} 18. Rfd1 {[%emt 0:00:27]} Rfd8 {[%emt 0:00:10]} 19. Rd3 {[%emt 0:01:27]} f5 {[%emt 0:01:00]} 20. e4 {[%emt 0:02:07]} g6 {[%emt 0:00:50]} 21. Bh3 {[%emt 0:01:30]} Bg5 {[%emt 0:05:06]} 22. Rcd1 {[%emt 0:02:16]} Rxd3 {[%emt 0:01:35]} 23. Rxd3 {[%emt 0:00:02]} Kg7 {[%emt 0:00:57]} 24. Rd1 {[%emt 0:05:37]} Rc8 {[%emt 0:01:00]} 25. exf5 {[%emt 0:00:10]} gxf5 {[%emt 0:00:01]} 26. Bxf5 {[%emt 0:00:18]} Qxc6 {[%emt 0:00:03]} 27. Qxc6 {[%emt 0:00:35]} Rxc6 {[%emt 0:00:02]} 28. Bxe6 {[%emt 0:00:00]} Rxe6 {[%emt 0:00:00]} 29. Rd7+ {[%emt 0:00:40]} Kg6 {[%emt 0:00:02]} 30. Nd2 {[%emt 0:01:05]} Bxd2 {[%emt 0:02:17]} 31. Rxd2 {[%emt 0:00:01]} Rc6 {[%emt 0:00:13]} 32. Kg2 {[%emt 0:00:19]} Kf5 {[%emt 0:00:16]} 33. Kf3 {[%emt 0:00:03]} h5 {[%emt 0:00:37]} 34. Ke3 {[%emt 0:00:16]} h4 {[%emt 0:00:41]} 35. f3 {[%emt 0:01:45]} hxg3 {[%emt 0:00:18]} 36. hxg3 {[%emt 0:00:01]} a5 {[%emt 0:02:19]} 37. Rh2 {[%emt 0:01:02]} Rg6 {[%emt 0:02:39]} 38. Rh5+ {[%emt 0:00:55]} Ke6 {[%emt 0:00:04]} 39. Ke4 {[%emt 0:01:36]} Rxg3 {[%emt 0:00:04]} 40. Rxe5+ {[%emt 0:00:18]} Kd6 {[%emt 0:00:23]} 41. Rb5 {[%emt 0:00:02]} Kc6 {[%emt 0:00:06]} 42. a4 {[%emt 0:00:01]} Rg6 {[%emt 0:00:55]} 43. f4 {[%emt 0:00:11]} Kd7 {[%emt 0:00:07]} 44. b3 {[%emt 0:00:39]} Ke7 {[%emt 0:00:19]} 45. Rh5 {[%emt 0:00:32]} Rg3 {[%emt 0:00:07]} 46. Rb5 {[%emt 0:00:15]} Rg6 {[%emt 0:00:01]} 47. Re5+ {[%emt 0:00:10]} Kf7 {[%emt 0:00:18]} 48. Rf5+ {[%emt 0:00:05]} Ke7 {[%emt 0:00:08]} 49. Rg5 {[%emt 0:00:16]} Rh6 {[%emt 0:00:24]} 50. Kd4 {[%emt 0:00:32]} Rh3 {[%emt 0:00:09]} 51. Kc4 {[%emt 0:00:15]} Rf3 {[%emt 0:00:02]} 52. Re5+ {[%emt 0:00:04]} Kd6 {[%emt 0:00:12]} 53. Re4 {[%emt 0:00:10]} Kc6 {[%emt 0:00:18]} 54. Re6+ {[%emt 0:00:08]} Kc7 {[%emt 0:00:07]} 55. Rf6 {[%emt 0:00:01]} Kb7 {[%emt 0:00:27]} 56. Rf8 {[%emt 0:00:12]} Kc6 {[%emt 0:00:05]} 57. Rf7 {[%emt 0:00:31]} Kd6 {[%emt 0:00:14]} 58. Rf6+ {[%emt 0:00:09]} Kc7 {[%emt 0:00:02]} 59. f5 {[%emt 0:00:04]} Rf4+ {[%emt 0:00:09]} 60. Kd5 {[%emt 0:00:01]} Rb4 {[%emt 0:00:08]} 61. Rf7+ {[%emt 0:00:01]} Kc8 {[%emt 0:00:21]} 62. Kd6 {[%emt 0:00:27]} Rxb3 {[%emt 0:00:04]} 63. Rf8+ {[%emt 0:00:02]} Kb7 {[%emt 0:00:01]} 64. f6 {[%emt 0:00:01]} b5 {[%emt 0:00:19]} 65. Re8 {[%emt 0:00:16]} Rf3 {[%emt 0:00:12]} 66. Ke7 {[%emt 0:00:21]} bxa4 {[%emt 0:00:09]} 67. f7 {[%emt 0:00:01]} Re3+ {[%emt 0:00:03]} 68. Kd6 {[%emt 0:00:04]} Rd3+ {[%emt 0:00:24]} 69. Kc5 {[%emt 0:00:03]} Rc3+ 1-0

[Event "EUSA-ch Open 2019"]
[Site "Budapest"]
[Date "2019.07.28"]
[Round "9.1"]
[White "Kalogeris, Ioannis"]
[Black "Chigaev, Maksim"]
[Result "1-0"]
[WhiteElo "2376"]
[BlackElo "2640"]
[Annotator "RC"]
[PlyCount "95"]
[EventDate "2019.07.23"]
[EventType "team-tourn"]
[EventCountry "HUN"]
[SourceTitle "playchess.com"]
[Source "ChessBase"]
[SourceQuality "1"]
[TimeControl "1500+10"]

1. d4 {[%emt 0:04:46]} Nf6 {[%emt 0:00:00]} 2. Nf3 {[%emt 0:00:02]} g6 {[%emt 0:00:00]} 3. g3 {[%emt 0:00:05]} Bg7 {[%emt 0:00:00]} 4. Bg2 {[%emt 0:00:01]} O-O {[%emt 0:00:00]} 5. O-O {[%emt 0:00:01]} d6 {[%emt 0:00:00]} 6. a4 {[%emt 0:00:10]} Na6 {[%emt 0:00:11]} 7. Re1 {[%emt 0:01:02]} c5 {[%emt 0:00:03]} 8. d5 {[%emt 0:00:21]} Nc7 {[%emt 0:00:14]} 9. e4 {[%emt 0:00:12]} Bg4 {[%emt 0:00:05]} 10. h3 {[%emt 0:00:04]} Bxf3 {[%emt 0:00:03]} 11. Qxf3 {[%emt 0:00:03]} Nd7 {[%emt 0:00:02]} 12. Qb3 {[%emt 0:00:23]} Rb8 {[%emt 0:00:01]} 13. Na3 {[%emt 0:01:06]} b6 {[%emt 0:01:08]} 14. f4 {[%emt 0:01:28]} a6 {[%emt 0:00:44]} 15. Nc4 {[%emt 0:00:57]} Nf6 {[%emt 0:09:24]} 16. Be3 {[%emt 0:01:27]} Nd7 {[%emt 0:03:56]} 17. c3 {[%emt 0:01:09]} Kh8 {[%emt 0:02:06]} 18. Bf2 {[%emt 0:02:22]} f6 {[%emt 0:00:11]} 19. h4 {[%emt 0:00:13]} Qe8 {[%emt 0:00:06]} 20. Qd1 {[%emt 0:00:10]} Qf7 {[%emt 0:00:30]} 21. h5 {[%emt 0:01:21]} g5 {[%emt 0:00:06]} 22. Bh3 {[%emt 0:00:13]} Qe8 {[%emt 0:00:36]} 23. Qf3 {[%emt 0:02:03]} Bh6 {[%emt 0:00:36]} 24. Ne3 {[%emt 0:00:06]} Rg8 {[%emt 0:01:00]} 25. Nf5 {[%emt 0:00:37]} Bf8 {[%emt 0:00:06]} 26. Kh2 {[%emt 0:00:36]} b5 {[%emt 0:00:05]} 27. a5 {[%emt 0:00:37]} b4 {[%emt 0:01:35]} 28. c4 {[%emt 0:00:16]} Qf7 {[%emt 0:02:05]} 29. Rad1 {[%emt 0:00:48]} b3 {[%emt 0:00:15]} 30. Rd3 {[%emt 0:01:21]} Rb4 {[%emt 0:00:08]} 31. Rc3 {[%emt 0:00:40]} h6 {[%emt 0:01:58]} 32. Ne3 {[%emt 0:00:34]} Qe8 {[%emt 0:00:53]} 33. Bf5 {[%emt 0:01:17]} Bg7 {[%emt 0:00:14]} 34. Bg6 {[%emt 0:01:26]} Qd8 {[%emt 0:00:20]} 35. Nf5 {[%emt 0:00:02]} Nf8 {[%emt 0:00:14]} 36. Bf7 {[%emt 0:00:16]} Nd7 {[%emt 0:01:03]} 37. Bxg8 {[%emt 0:00:50]} Kxg8 {[%emt 0:00:00]} 38. Ra1 {[%emt 0:00:14]} Bf8 {[%emt 0:00:14]} 39. Ra3 {[%emt 0:00:02]} Ne8 {[%emt 0:00:04]} 40. Qd3 {[%emt 0:00:32]} Kh8 {[%emt 0:00:29]} 41. Rcxb3 {[%emt 0:00:03]} Ng7 {[%emt 0:00:27]} 42. e5 {[%emt 0:01:16]} Qe8 {[%emt 0:00:12]} 43. e6 {[%emt 0:00:33]} Qxh5+ {[%emt 0:00:21]} 44. Kg2 {[%emt 0:00:02]} Nb8 {[%emt 0:00:14]} 45. Rxb4 {[%emt 0:00:01]} cxb4 {[%emt 0:00:01]} 46. Rb3 {[%emt 0:00:05]} gxf4 {[%emt 0:00:24]} 47. Nxg7 {[%emt 0:00:09]} Kxg7 {[%emt 0:00:05]} 48. Rxb4 {[%emt 0:00:02]} 1-0

[Event "EUSA-ch Open 2019"]
[Site "Budapest"]
[Date "2019.07.28"]
[Round "9.2"]
[White "Predke, Alexandr"]
[Black "Kalogridakis, Georgios"]
[Result "1-0"]
[WhiteElo "2632"]
[BlackElo "2134"]
[Annotator "TA"]
[PlyCount "83"]
[EventDate "2019.07.23"]
[EventType "team-tourn"]
[EventCountry "HUN"]
[SourceTitle "playchess.com"]
[Source "ChessBase"]
[SourceQuality "1"]

{[%evp 17,83,7,2,16,21,25,14,25,10,26,32,39,39,23,24,0,0,0,0,0,14,24,35,25,38,32,47,27,85,92,95,0,76,83,87,84,89,94,81,94,87,61,73,47,120,111,346,332,348,135,356,279,354,312,352,361,640,624,817,752,29994,29995,29995,29994,29994,29995,29997,29998]} 1. e4 c5 2. Nc3 d6 3. Nge2 Nf6 4. g3 g6 5. Bg2 Bg7 6. O-O O-O 7. d3 Nc6 8. f4 Rb8 9. h3 Nd7 10. a4 {B25: Closed Sicilian: 3 g3, lines without early Be3} (10. Nd5 e6 11. Ne3 b5 12. f5 Bb7 13. c3 b4 14. Ng4 bxc3 15. bxc3 exf5 16. exf5 Nce5 17. Bxb7 Rxb7 {½-½ (46) Aronian,L (2764)-Vachier Lagrave,M (2789) Leuven 2018}) 10... a6 11. Nd5 {[%cal Bc3d5,Bd5e3,Be3g4,Bg4h6][%mdl 32]} b5 12. axb5 {The position is equal.} axb5 13. f5 {[#]} Nb6 $146 ({Predecessor:} 13... e6 14. Ne3 b4 15. Ng4 Nce5 16. f6 Nxf6 17. Nh6+ Kh8 {½-½ (27) Kamsky,G (2666)-Alekseev,E (2620) St Petersburg 2018}) 14. Ne3 b4 15. Ng4 Ne5 16. Nh6+ Kh8 17. c3 bxc3 18. bxc3 {[%cal Bb2c3,Bc3d4][%mdl 32] Black must now prevent d4.} Qe8 19. d4 cxd4 20. cxd4 Nec4 21. Qd3 Bd7 22. Kh2 Bf6 (22... Rc8 $11) 23. Ng4 $16 Bg7 24. Nh6 Bf6 25. Ra7 Bc6 26. Ng4 $36 {[%mdl 2048] aiming for Bh6. White is really pushing.} Bg7 27. f6 exf6 28. Nxf6 Qc8 29. h4 Rb7 30. Ra2 Rb8 (30... Bb5 $14) 31. h5 Qd8 $2 (31... Ra8 $16 32. Rxa8 Bxa8) 32. Bg5 $18 {And now h6 would win.} h6 {[#]} 33. Bh4 $2 (33. hxg6 $1 $18 {and the rest is easy.} hxg5 34. g4) 33... Be8 $2 (33... Nd7 $16) 34. Ra7 {Strongly threatening hxg6.} Ra8 35. Nxe8 Qxe8 36. Re7 Qb5 $2 (36... Qc8) 37. hxg6 fxg6 {With the idea ...Rxf1.} 38. e5 Rxf1 39. Qxg6 {[%csl Ge7][%cal Rg6g7][%mdl 64] [#] Double Attack. White mates.} ({Less strong is} 39. Bxf1 Nd5 $16) 39... Rg8 40. Bf6 Rxf6 41. exf6 Qg5 42. fxg7+ {Accuracy: White = 63%, Black = 46%.} 1-0

[Event "EUSA-ch Open 2019"]
[Site "Budapest"]
[Date "2019.07.28"]
[Round "9.3"]
[White "Egri, Laszlo Jr."]
[Black "Shevchenko, Kirill"]
[Result "1/2-1/2"]
[WhiteElo "2254"]
[BlackElo "2536"]
[Annotator "ChessBase"]
[PlyCount "142"]
[EventDate "2019.07.23"]
[EventType "team-tourn"]
[EventCountry "HUN"]
[SourceTitle "playchess.com"]
[Source "ChessBase"]
[SourceQuality "1"]
[TimeControl "1500+10"]

1. Nf3 {[%emt 0:00:00]} Nf6 {[%emt 0:00:00]} 2. c4 {[%emt 0:00:00]} g6 {[%emt 0:00:00]} 3. g3 {[%emt 0:00:00]} Bg7 {[%emt 0:00:00]} 4. Bg2 {[%emt 0:00:00]} O-O {[%emt 0:00:00]} 5. O-O {[%emt 0:00:00]} d6 {[%emt 0:00:00]} 6. d4 {[%emt 0:00:00]} Nbd7 {[%emt 0:00:02]} 7. Nc3 {[%emt 0:00:03]} e5 {[%emt 0:00:01]} 8. h3 {[%emt 0:00:02]} Re8 {[%emt 0:00:42]} 9. e4 {[%emt 0:00:19]} c6 {[%emt 0:01:30]} 10. Re1 {[%emt 0:00:02]} exd4 {[%emt 0:00:44]} 11. Nxd4 {[%emt 0:00:01]} Qb6 {[%emt 0:00:02]} 12. Nb3 {[%emt 0:01:51]} Ne5 {[%emt 0:08:04]} 13. c5 {[%emt 0:03:57]} dxc5 {[%emt 0:00:19]} 14. Be3 {[%emt 0:00:01]} Be6 {[%emt 0:02:59]} 15. Na4 {[%emt 0:06:28]} Qc7 {[%emt 0:02:59]} 16. Naxc5 {[%emt 0:00:25]} Rad8 {[%emt 0:03:03]} 17. Nxe6 {[%emt 0:00:13]} Rxe6 {[%emt 0:00:01]} 18. Qc2 {[%emt 0:01:04]} Nd3 {[%emt 0:00:57]} 19. Red1 {[%emt 0:00:46]} Red6 {[%emt 0:00:27]} 20. Bd4 {[%emt 0:05:35]} Nh5 {[%emt 0:02:22]} 21. Rxd3 {[%emt 0:03:15]} Bxd4 {[%emt 0:00:02]} 22. Nxd4 {[%emt 0:00:17]} Rxd4 {[%emt 0:00:01]} 23. Rad1 {[%emt 0:00:01]} Qb6 {[%emt 0:00:33]} 24. Rxd4 {[%emt 0:01:18]} Rxd4 {[%emt 0:00:01]} 25. Rxd4 {[%emt 0:00:36]} Qxd4 {[%emt 0:00:01]} 26. Kh2 {[%emt 0:00:01]} g5 {[%emt 0:01:20]} 27. Qe2 {[%emt 0:00:11]} Ng7 {[%emt 0:00:37]} 28. e5 {[%emt 0:00:26]} Ne6 {[%emt 0:00:20]} 29. Be4 {[%emt 0:00:16]} h6 {[%emt 0:01:03]} 30. Bf5 {[%emt 0:00:17]} Ng7 {[%emt 0:00:05]} 31. Bd3 {[%emt 0:00:20]} Kf8 {[%emt 0:00:20]} 32. Bc4 {[%emt 0:00:33]} Ke7 {[%emt 0:00:06]} 33. Bb3 {[%emt 0:00:28]} Ne6 {[%emt 0:00:44]} 34. Kg1 {[%emt 0:00:15]} Nd8 {[%emt 0:00:31]} 35. Qh5 {[%emt 0:00:46]} Qxb2 {[%emt 0:00:15]} 36. e6 {[%emt 0:00:43]} Qb1+ {[%emt 0:00:29]} 37. Kh2 {[%emt 0:00:13]} Qf5 {[%emt 0:00:10]} 38. Qxh6 {[%emt 0:00:15]} Qxf2+ {[%emt 0:00:10]} 39. Kh1 {[%emt 0:00:01]} Qf1+ {[%emt 0:00:01]} 40. Kh2 {[%emt 0:00:01]} Qf2+ {[%emt 0:00:01]} 41. Kh1 {[%emt 0:00:01]} Qxg3 {[%emt 0:00:19]} 42. exf7 {[%emt 0:00:04]} Nxf7 {[%emt 0:00:12]} 43. Qe6+ {[%emt 0:00:02]} Kd8 {[%emt 0:00:02]} 44. Qxf7 {[%emt 0:00:05]} Qxh3+ {[%emt 0:00:02]} 45. Kg1 {[%emt 0:00:01]} Qd7 {[%emt 0:00:12]} 46. Qg8+ {[%emt 0:00:09]} Kc7 {[%emt 0:00:03]} 47. Qxg5 {[%emt 0:00:02]} Qd4+ {[%emt 0:00:09]} 48. Kf1 {[%emt 0:00:13]} b5 {[%emt 0:00:02]} 49. Qg3+ {[%emt 0:00:44]} Kb7 {[%emt 0:00:06]} 50. Ke2 {[%emt 0:00:24]} a5 {[%emt 0:00:11]} 51. Qd3 {[%emt 0:00:15]} Qb2+ {[%emt 0:00:30]} 52. Qd2 {[%emt 0:00:01]} Qe5+ {[%emt 0:00:02]} 53. Qe3 {[%emt 0:00:05]} Qb2+ {[%emt 0:00:05]} 54. Qd2 {[%emt 0:00:07]} Qe5+ {[%emt 0:00:02]} 55. Qe3 {[%emt 0:00:09]} Qh2+ {[%emt 0:00:04]} 56. Qf2 {[%emt 0:00:11]} Qd6 {[%emt 0:00:05]} 57. Qf7+ {[%emt 0:00:06]} Ka6 {[%emt 0:00:08]} 58. Qe6 {[%emt 0:00:11]} Qc7 {[%emt 0:00:24]} 59. Bd5 {[%emt 0:00:29]} Kb6 {[%emt 0:00:01]} 60. Bf3 {[%emt 0:00:22]} a4 {[%emt 0:00:40]} 61. Kd3 {[%emt 0:00:08]} b4 {[%emt 0:00:34]} 62. Kc2 {[%emt 0:00:19]} Qh2+ {[%emt 0:00:06]} 63. Kd3 {[%emt 0:00:07]} Qc7 {[%emt 0:00:01]} 64. Kc2 {[%emt 0:00:03]} Kb5 {[%emt 0:00:18]} 65. Be2+ {[%emt 0:00:07]} Kb6 {[%emt 0:00:06]} 66. Bf3 {[%emt 0:00:01]} Kb7 {[%emt 0:00:17]} 67. Qc4 {[%emt 0:00:15]} Qh2+ {[%emt 0:00:13]} 68. Kd3 {[%emt 0:00:04]} Qd6+ {[%emt 0:00:06]} 69. Kc2 {[%emt 0:00:02]} Kb6 {[%emt 0:00:07]} 70. Be2 {[%emt 0:00:17]} Qg6+ {[%emt 0:00:18]} 71. Qd3 {[%emt 0:00:11]} b3+ {[%emt 0:00:09]} 1/2-1/2

[Event "EUSA-ch Open 2019"]
[Site "Budapest"]
[Date "2019.07.28"]
[Round "9.4"]
[White "Golubka, Petro"]
[Black "Voros, Gellert"]
[Result "1-0"]
[WhiteElo "2483"]
[BlackElo "2164"]
[Annotator "ChessBase"]
[PlyCount "93"]
[EventDate "2019.07.23"]
[EventType "team-tourn"]
[EventCountry "HUN"]
[SourceTitle "playchess.com"]
[Source "ChessBase"]
[SourceQuality "1"]
[TimeControl "1500+10"]

1. d4 {[%emt 0:00:00]} d5 {[%emt 0:00:00]} 2. c4 {[%emt 0:00:00]} c6 {[%emt 0:00:00]} 3. Nc3 {[%emt 0:00:00]} e5 {[%emt 0:00:05]} 4. dxe5 {[%emt 0:01:16]} d4 {[%emt 0:00:02]} 5. Nb1 {[%emt 0:00:01]} Qa5+ {[%emt 0:01:32]} 6. Bd2 {[%emt 0:00:50]} Qxe5 {[%emt 0:00:08]} 7. Nf3 {[%emt 0:00:02]} Qd6 {[%emt 0:00:05]} 8. g3 {[%emt 0:00:02]} Be6 {[%emt 0:01:54]} 9. Bf4 {[%emt 0:01:27]} Qb4+ {[%emt 0:00:20]} 10. Nbd2 {[%emt 0:00:01]} c5 {[%emt 0:00:31]} 11. Bg2 {[%emt 0:01:27]} Nc6 {[%emt 0:01:04]} 12. O-O {[%emt 0:00:20]} Nf6 {[%emt 0:00:35]} 13. a3 {[%emt 0:00:15]} Qb6 {[%emt 0:00:23]} 14. Ng5 {[%emt 0:00:31]} Bf5 {[%emt 0:04:27]} 15. Nge4 {[%emt 0:01:06]} Nxe4 {[%emt 0:00:50]} 16. Nxe4 {[%emt 0:00:03]} Rd8 {[%emt 0:00:40]} 17. Qa4 {[%emt 0:00:42]} Be7 {[%emt 0:01:49]} 18. Qb5 {[%emt 0:00:09]} O-O {[%emt 0:00:26]} 19. Qxb6 {[%emt 0:00:03]} axb6 {[%emt 0:00:03]} 20. Bc7 {[%emt 0:00:09]} Rc8 {[%emt 0:00:12]} 21. Bxb6 {[%emt 0:01:04]} Ne5 {[%emt 0:00:05]} 22. b3 {[%emt 0:00:10]} Be6 {[%emt 0:01:39]} 23. a4 {[%emt 0:01:32]} Nd7 {[%emt 0:00:16]} 24. a5 {[%emt 0:00:09]} Nxb6 {[%emt 0:00:51]} 25. axb6 {[%emt 0:00:01]} f5 {[%emt 0:02:51]} 26. Nd2 {[%emt 0:00:11]} Bd8 {[%emt 0:00:44]} 27. Bxb7 {[%emt 0:02:36]} Rb8 {[%emt 0:00:04]} 28. Bd5 {[%emt 0:01:02]} Rxb6 {[%emt 0:01:09]} 29. Bxe6+ {[%emt 0:01:38]} Rxe6 {[%emt 0:00:02]} 30. Rfe1 {[%emt 0:00:01]} f4 {[%emt 0:01:04]} 31. Ra8 {[%emt 0:01:39]} fxg3 {[%emt 0:00:19]} 32. hxg3 {[%emt 0:00:08]} Bg5 {[%emt 0:01:00]} 33. Rxf8+ {[%emt 0:00:05]} Kxf8 {[%emt 0:00:01]} 34. Nf3 {[%emt 0:00:27]} Be7 {[%emt 0:00:04]} 35. Kf1 {[%emt 0:00:22]} Rb6 {[%emt 0:00:06]} 36. Rb1 {[%emt 0:00:02]} Rh6 {[%emt 0:00:33]} 37. Kg2 {[%emt 0:00:03]} Re6 {[%emt 0:00:09]} 38. Rb2 {[%emt 0:00:23]} Bf6 {[%emt 0:00:33]} 39. Ra2 {[%emt 0:00:07]} Kf7 {[%emt 0:01:08]} 40. Ne1 {[%emt 0:00:14]} Rb6 {[%emt 0:00:07]} 41. Ra3 {[%emt 0:00:05]} Be7 {[%emt 0:00:28]} 42. Nd3 {[%emt 0:00:04]} Bd6 {[%emt 0:00:03]} 43. Ra7+ {[%emt 0:00:11]} Kf6 {[%emt 0:00:22]} 44. b4 {[%emt 0:00:46]} Bb8 {[%emt 0:00:14]} 45. bxc5 {[%emt 0:00:34]} Bxa7 {[%emt 0:00:06]} 46. cxb6 {[%emt 0:00:02]} Bxb6 {[%emt 0:00:02]} 47. Kf3 {[%emt 0:00:01]} 1-0